| 000 | 00702nam a22001937a 4500 | ||
|---|---|---|---|
| 003 | CEME | ||
| 005 | 20210628203556.0 | ||
| 008 | 210317b xxu||||| |||| 00| 0 eng d | ||
| 020 | _a0-7106-1245-1 | ||
| 040 | _c. | ||
| 082 | _a355-LBAD JAN'C | ||
| 100 |
_aFoss, Christopher F , Cullin, Tany _966337 |
||
| 245 | _aJanes land based air defence , 1995-96 | ||
| 250 | _a8TH | ||
| 260 |
_aLONDON _bBUTLER _c1995 |
||
| 300 | _a354P | ||
| 650 |
_aNATIONAL AIR DEFENCE SYSTEM INTERNATIONAL AIR DEFENCE SYSTEM MANPORTABLE SURFACE TO AIR MISSILE SYSTEM SELF PROPLLED ANTI AIRCRAFT GUNS SELF PROPELLED SURFACE TO AIR MISSILE TOWED ANTI AIRCRAFT GUNS ANTI AIRCRAFT CONTROL SYSTEMS _966338 |
||
| 942 |
_cBK _2ddc |
||
| 999 |
_c574318 _d574318 |
||